NLSUI OPAC header image

The History of Development : From western origins to global faith (Record no. 39208)

MARC details
000 -LEADER
fixed length control field 01454nam a2200229Ia 4500
003 - CONTROL NUMBER IDENTIFIER
control field OSt
005 - DATE AND TIME OF LATEST TRANSACTION
control field 20201015214529.0
008 - FIXED-LENGTH DATA ELEMENTS--GENERAL INFORMATION
fixed length control field 160316s2009 xxu||||| |||| 00| 0 eng d
020 ## - INTERNATIONAL STANDARD BOOK NUMBER
International Standard Book Number 9781848131897
040 ## - CATALOGING SOURCE
Transcribing agency nls
082 ## - DEWEY DECIMAL CLASSIFICATION NUMBER
Classification number 338.900000
Item number RIS-3
100 ## - MAIN ENTRY--PERSONAL NAME
Personal name Rist Gilbert
245 ## - TITLE STATEMENT
Title The History of Development : From western origins to global faith
250 ## - EDITION STATEMENT
Edition statement 3rd
260 ## - PUBLICATION, DISTRIBUTION, ETC.
Place of publication, distribution, etc. New Delhi
Name of publisher, distributor, etc. Academic Foundatoin
Date of publication, distribution, etc. 2009
300 ## - PHYSICAL DESCRIPTION
Extent 288p
Dimensions vi
365 ## - TRADE PRICE
Price amount Rs. 995
505 ## - FORMATTED CONTENTS NOTE
Formatted contents note Table of contents<br/><br/>Preface to the Third Edition<br/>Introduction<br/>1. Definitions of Development<br/>2. Metamorphoses of a Western Myth<br/>3. The Making of a World System<br/>4. The Invention of Development<br/>5. The International Doctrine and Institutions Take Root<br/>6. Modernization Poised between History and Prophecy<br/>7. The Periphery and the Understanding of History<br/>8. Self-Reliance: The Communal Past as a Model for the Future<br/>9. The Triumph of Third Worldism<br/>10. The Environment, or the New Nature of 'Development'<br/>11. A Mixture of Realism and Fine Sentiments<br/>12. The Postmodern Illusion: Globalization as a Simulacrum of 'Development'<br/>13. The Fight against Poverty and the Millennium Development Goals<br/>14. Post-Development: Decroissance and the Changing Economic Paradigm<br/>Conclusion<br/>Bibliography<br/>Index
650 ## - SUBJECT ADDED ENTRY--TOPICAL TERM
Topical term or geographic name entry element 1. Economic Development - Sustainable Development2. Economic Assistance - Development Economics
700 ## - ADDED ENTRY--PERSONAL NAME
Personal name
--
942 ## - ADDED ENTRY ELEMENTS (KOHA)
Source of classification or shelving scheme Dewey Decimal Classification
Koha item type BOOKs
Holdings
Withdrawn status Lost status Damaged status Not for loan Home library Current library Shelving location Date acquired Cost, normal purchase price Total Checkouts Full call number Barcode Date last seen Date last checked out Price effective from Koha item type
        . . General Stacks 30.05.2017 995.00 1 338.9 RIS-3 33213 21.11.2019 18.11.2019 30.05.2017 BOOKs